000 00207 a2200097 4500
001 17287
100 _a
245 _aSystematic Salt analysis
260 _aLahore
_bIlmi Kitab Khana
_c
090 _c12798
_d12798
942 _aNUST-CAE
_c
_c3111
999 _c252360
_d252360